Statistiche per Riconosci lo Stato - Quiz n°27

Clicka qui per fare il quiz!

Statistiche generali

  • Questo quiz è stato fatto 18 volte
  • Il punteggio medio è 10 su 13

Statistiche sulle risposte

IndizioRisposta% Corretto
ValutaDollaro
100%
Popolazione1 405 646 ab.
94%
Iniziale della CapitaleP
94%
Primo ministroKeith Rowley
88%
Indipendenza31 agosto 1962 dal Regno Unito
81%
Forma di GovernoRepubblica parlamentare
81%
Superficie5 128 km²
75%
Presidente della RepubblicaChristine Kangaloo
75%
Fuso OrarioUTC-4
69%
ISU0.796
63%
PIL (nominale)21,58 milioni di $
63%
Tasso di crescita0,3%
56%
RispostaTrinidad e Tobago
44%

Distribuzione punteggi

Percentile per numero di risposta

Percentuale di utenti per punteggio

I tuoi punteggi nel tempo

Non hai fatto questo quiz